00858nam a2200169Ia 4500003000900000005001700009008004100026040003100067040001300098041000800111245003000119250001100149260005300160300002000213490006400233520039100297IT-RoPAU20220918175707.0120407s9999 xx 000 0 und d aIT-RoPAUc20130509112856.0 cIT-RoPAU aita aConoscere Don Alberione.  a1° ed aRoma bCasa Generalizia Società S. Paoloc1982 a136 p.c21,5 cm vQuaderno 2: luglio - dicembre 1982aConoscere Don Alberione aSommario Presentazione Sommario - Contents - Sumario Corrispondenza Studi - Ricerche Come fu voluto e come nacque il sacerdote scrittore ed evangelizzatore audiovisivo di G. Pelliccia Pagine di storia Aneddoti inediti di G. F. Delpogetto Informazione Rassegna bibliografica Alle fonti di Paolo Apostolo di A. F. Da Silva Recensioni Segnalazioni Rassegna audiovisiva Segnalazioni Indici